Countries with Red Pandas - Statistics

General Stats
  • This quiz has been taken 60 times
  • The average score is 4 of 5
Answer Stats
Answer % Correct
China
100%
India
91%
Bhutan
87%
Nepal
87%
Myanmar
82%
No matching quizzes found
Score Distribution
Percent of People with Each Score
Percentile by Number Answered
Your Score History
You have not taken this quiz